| 000 | 004440000a22001690004500 | ||
|---|---|---|---|
| 041 | 0 | _aENG | |
| 082 | 0 | 4 | _aG 287 N248t |
| 100 | 1 | _aNash, David Foot | |
| 245 | 1 | 0 | _aTheir finest hour : Methodists and anglicans / David Foot Nash |
| 260 | _aLondres, Inglaterra : Epworth | ||
| 300 | _a176 Pag | ||
| 001 | 8824 | ||
| 942 | _cBK | ||
| 999 |
_c38939 _d38939 |
||
| 336 |
_atexto _btxt _2rdacontent |
||
| 337 |
_2rdamedia _asin mediación _bn |
||
| 338 |
_2rdacarrier _avolumen _bnc |
||